|
|
|
|
| LEADER |
00000nab a2200000 a 4500 |
| 001 |
vtls009159857 |
| 003 |
SK-MaSNL |
| 005 |
20260319071141.0 |
| 008 |
071116c2007 xo mr p 000 c0ukr |
| 015 |
|
|
|a SNBRB2007/11
|
| 038 |
|
|
|a SVKPOCL
|
| 040 |
|
|
|a SVKPOCL
|b slo
|c AACR2
|e AACR2
|
| 041 |
0 |
|
|a ukr
|
| 044 |
|
|
|a xo
|c SK
|
| 080 |
|
|
|a 27-565.3
|2 2001
|
| 080 |
|
|
|a 398.1
|2 2001
|
| 080 |
|
|
|a 398.332.416
|2 2001
|
| 245 |
0 |
0 |
|a Svjatyj večur na jedničku
|c [avtor] -jo-, -ak-
|
| 300 |
|
|
|b Fotogr.
|
| 610 |
2 |
7 |
|a Rusínska obroda na Slovensku
|b Okresná organizácia (Humenné, Slovensko)
|2 svkpocl
|9 1060173
|
| 610 |
2 |
7 |
|a Vihorlatské osvetové stredisko (Humenné, Slovensko)
|2 svkpocl
|9 34152
|
| 648 |
|
7 |
|a 19.1.2007
|2 svkpocl
|9 1060174
|
| 650 |
0 |
7 |
|a Traja králi (cirkevný sviatok)
|x zvyky ľudové
|x juliánsky kalendár
|x vystúpenia
|2 svkpocl
|9 1060175
|
| 650 |
0 |
7 |
|a Rusíni
|z Slovensko
|x ľudové tradície
|2 svkpocl
|9 1060176
|
| 650 |
0 |
7 |
|a ľudové tradície
|2 svkpocl
|9 4960
|
| 651 |
|
7 |
|a Humenné (Slovensko)
|2 svkpocl
|9 19199
|
| 773 |
0 |
|
|t Info Rusyn
|g Roč. IV, č. 2 (2007), s. [1]
|
| 852 |
|
|
|a SVKPO
|b KIS3GCP
|
| 856 |
4 |
1 |
|a rusinska.obroda@kryha.sk
|
| 856 |
4 |
1 |
|a www.rusyn.sk
|
| 958 |
|
|
|a RN
|
| 958 |
|
|
|a UK
|
| 958 |
|
|
|a SK
|
| 958 |
|
|
|a NT
|
| 999 |
|
|
|c 1742321
|d 1744251
|